Trang phục truyền thống các tộc người nhóm ngôn ngữ Nam Đảo và việc bảo tồn giá trị văn hóa trang phục

Zapisane w:
Opis bibliograficzny
1. autor: Ma, Ngọc Dung
Format: Książka
Język:Vietnamese
Wydane: Hà Nội. Văn hóa thông tin 2014
Hasła przedmiotowe:
Etykiety: Dodaj etykietę
Nie ma etykietki, Dołącz pierwszą etykiete!
Thư viện lưu trữ: Trung tâm Học liệu Lê Vũ Hùng, Trường Đại học Đồng Tháp
LEADER 01065aam a22003018a 4500
001 00032569
005 20171026081023.0
008 141009s2014 ||||||viesd
020 # # |a 9786045014745 
041 0 # |a vie 
082 |b TR106PH  |a 391.009 597 
100 1 # |a Ma, Ngọc Dung 
245 1 0 |a Trang phục truyền thống các tộc người nhóm ngôn ngữ Nam Đảo và việc bảo tồn giá trị văn hóa trang phục  |c Ma Ngọc Dung 
260 # # |a Hà Nội.  |b Văn hóa thông tin  |c 2014 
300 # # |a 410 tr.  |c 21 cm.  |b minh họa 
500 # # |a ĐTTS ghi: Hội Văn nghệ dân gian Việt Nam 
653 # # |a Bảo tồn 
653 # # |a Giá trị văn hóa 
653 # # |a Văn hóa dân gian 
653 # # |a Tộc người 
653 # # |a Trang phục truyền thống 
653 # # |a Nam Đảo 
852 # # |j KD.0016119 
852 # # |b Kho đọc  |j KD.0016119 
910 |d 9/10/2014 
980 # # |a Trung tâm Học liệu Lê Vũ Hùng, Trường Đại học Đồng Tháp